|
|
|
|
| LEADER |
00000cam a2200000 7i4500 |
| 001 |
0000001130 |
| 005 |
20140108.0 |
| 020 |
0 |
0 |
|a 1856498018
|
| 090 |
0 |
0 |
|a 303.49
|b GLO 2000
|
| 245 |
0 |
0 |
|a GLOBAL futures :
|b Shaping globalization
|c edited by Jan Nederveen Pieterse
|
| 260 |
0 |
0 |
|a London :
|b Zed Books ,
|c 2000
|
| 300 |
|
|
|a xxii, 250 p. ;
|c 24 cm.
|
| 500 |
0 |
0 |
|a Includes bibliogrraphical references and index
|
| 650 |
0 |
0 |
|a Economic forecasting
|
| 650 |
0 |
0 |
|a Progress
|
| 650 |
0 |
0 |
|a Social prediction
|
| 700 |
0 |
1 |
|a Nederveen Pieterse
|h Jan
|
| 998 |
|
|
|a JPSM
|
| 999 |
|
|
|a 0000002131
|b Monograph
|c Open Shelf
|e Default branch
|